000 00319nam a2200121Ia 4500
008 240731s9999 xx 000 0 und d
022 _a1179-1594
245 0 _aRisk Management and Healthcare Policy
260 _bDove Medical Press
856 _uhttps://www.tandfonline.com/loi/drmh20
942 _2ddc
942 _cTFEJ
999 _c79260
_d79260
945 _a1
_bMadushi Gamage
_c1
_dMadushi Gamage